00618nam a2200205 i 4500001001000000003000900010005001700019007000300036008004100039040003000080041000800110082001900118100002400137245007100161264006400232300002800296336002700324337003300351338002800384000034119DO-SdBNP20251028120042.0ta110926s19uu dr 000 0 spa d aDO-SdBNPbspacBNPHUerda aspa axxxbC745a2221 aConde, Pedroeautor10aAntologia informal :bla joven poesía dominicana /cPedro Conde. aSanto Domingo :bEditora Nacional,c[fecha no identificada] a110 páginas ;c21 cm. ardacontentbtexto2txt ardamediabsin mediación2n ardacarrierbvolumen2nc